000 00715nam a2200217Ia 4500
003 GCL
008 140319s9999 xx 000 0 ara d
040 _aGCL /
_cGCL
082 0 4 _aد
_b050
_bس ت
100 1 _aسليمان العسكرى
245 1 0 _aالثقافة العالمية: مستجدات حول بدايات التطور الانسانى /
_cسليمان العسكرى
700 1 _aمنصور بوخمسين
300 _a196 ص
490 _aالهيئة العامة للاستعلامات
_v0
650 0 4 _aالاحوال الاقتصادية
650 0 4 _aالثقافة
650 0 4 _aالدوريات
650 0 4 _aاصل اللغات
650 0 4 _aالإنترنت
942 _2ddc
_cBK
999 _c50963
_d50963